Raising some interest (Record no. 66037)

MARC details
000 -LEADER
fixed length control field 01174cam a2200253 4500
001 - CONTROL NUMBER
control field ABS63383
008 - FIXED-LENGTH DATA ELEMENTS--GENERAL INFORMATION
fixed length control field 000000n2001 000 0 eng u
035 ## - SYSTEM CONTROL NUMBER
System control number (Sirsi) u110781
100 ## - MAIN ENTRY--PERSONAL NAME
Personal name Bingham, T.
245 ## - TITLE STATEMENT
Title Raising some interest
260 ## - PUBLICATION, DISTRIBUTION, ETC.
Date of publication, distribution, etc. 2001
490 ## - SERIES STATEMENT
Series statement Building
Volume/sequential designation 266(8167) 2 February 2001, 63(1)
520 ## - SUMMARY, ETC.
Summary, etc. Discusses the Late Payment of Commercial Debts (Interest) Act 1998 which has introduced an interest rate of 8% above the Bank of England base rate for late payments for contracts entered into from 1 November 2000 by small businesses. A small business is defined in the Act has having 50 or fewer employees on the day the contract was signed. Notes that this will have greatest impact in adjudication claims.
590 ## - LOCAL NOTE (RLIN)
Local note ABS
650 ## - SUBJECT ADDED ENTRY--TOPICAL TERM
Topical term or geographic name entry element MANAGEMENT-DISPUTE AVOIDANCE, MANAGEMENT AND RESOLUTION-DISPUTE MANAGEMENT AND RESOLUTION-ALTERNATIVE DISPUTE RESOLUTION-ADJUDICATION
650 ## - SUBJECT ADDED ENTRY--TOPICAL TERM
Topical term or geographic name entry element CONTRACTORS
650 ## - SUBJECT ADDED ENTRY--TOPICAL TERM
Topical term or geographic name entry element Contracts
9 (RLIN) 6232
650 ## - SUBJECT ADDED ENTRY--TOPICAL TERM
Topical term or geographic name entry element DEBTS
650 ## - SUBJECT ADDED ENTRY--TOPICAL TERM
Topical term or geographic name entry element INTEREST
650 ## - SUBJECT ADDED ENTRY--TOPICAL TERM
Topical term or geographic name entry element LATE PAYMENT OF COMMERCIAL DEBTS (INTEREST) ACT 1998
650 ## - SUBJECT ADDED ENTRY--TOPICAL TERM
Topical term or geographic name entry element SMALL BUSINESSES
690 ## - LOCAL SUBJECT ADDED ENTRY--TOPICAL TERM (OCLC, RLIN)
Topical term or geographic name as entry element BUILDING AND CONSTRUCTION-LAW
942 ## - ADDED ENTRY ELEMENTS (KOHA)
Suppress in OPAC 0
Holdings
Withdrawn status Lost status Source of classification or shelving scheme Damaged status Not for loan Home library Current library Shelving location Date acquired Total Checkouts Full call number Barcode Date last seen Copy number Price effective from Koha item type
    Dewey Decimal Classification     London London Journal article 06/02/2001   ABS63383 110781-1001 06/08/2019 1 06/08/2019 Journal article